Code Cracker! II Quiz Stats

 Plays Quiz Updated Jul 13, 2017

Score 0/188 Timer 04:00
10 Plays Today
% Correct
100%
100%
C​
100%
C​
100%
C​
100%
C​
100%
F​
100%
F​
100%
F​
100%
93.9%
A​
93.9%
A​
93.9%
A​
93.9%
A​
93.9%
A​
93.9%
A​
93.9%
A​
93.9%
A​
93.9%
A​
93.9%
A​
93.9%
A​
93.9%
A​
93.9%
A​
93.9%
A​
93.9%
A​
93.9%
A​
93.9%
A​
93.9%
A​
93.9%
A​
93.9%
A​
93.9%
A​
93.9%
A​
93.9%
A​
93.9%
91.5%
E​
91.5%
E​
91.5%
E​
91.5%
E​
91.5%
E​
91.5%
E​
91.5%
E​
91.5%
E​
91.5%
E​
91.5%
E​
91.5%
E​
91.5%
E​
91.5%
E​
91.5%
E​
91.5%
E​
91.5%
E​
91.5%
E​
91.5%
E​
91.5%
E​
91.5%
E​
91.5%
E​
91.5%
91.1%
T​
91.1%
T​
91.1%
T​
91.1%
T​
91.1%
T​
91.1%
T​
91.1%
T​
91.1%
% Correct
T​
91.1%
T​
91.1%
T​
91.1%
89.7%
S​
89.7%
S​
89.7%
S​
89.7%
S​
89.7%
S​
89.7%
S​
89.7%
S​
89.7%
S​
89.7%
S​
89.7%
S​
89.7%
88.6%
I​
88.6%
I​
88.6%
I​
88.6%
I​
88.6%
I​
88.6%
I​
88.6%
I​
88.6%
I​
88.6%
I​
88.6%
I​
88.6%
I​
88.6%
I​
88.6%
I​
88.6%
I​
88.6%
I​
88.6%
I​
88.6%
I​
88.6%
I​
88.6%
88.4%
R​
88.4%
R​
88.4%
R​
88.4%
R​
88.4%
R​
88.4%
R​
88.4%
R​
88.4%
R​
88.4%
R​
88.4%
R​
88.4%
85.3%
L​
85.3%
L​
85.3%
L​
85.3%
L​
85.3%
L​
85.3%
L​
85.3%
L​
85.3%
L​
85.3%
L​
85.3%
L​
85.3%
L​
85.3%
79.7%
O​
79.7%
O​
79.7%
O​
79.7%
O​
79.7%
O​
79.7%
O​
79.7%
% Correct
O​
79.7%
O​
79.7%
79.5%
Y​
79.5%
Y​
79.5%
Y​
79.5%
79.3%
B​
79.3%
B​
79.3%
B​
79.3%
B​
79.3%
B​
79.3%
79.1%
G​
79.1%
G​
79.1%
G​
79.1%
G​
79.1%
78.8%
M​
78.8%
M​
78.8%
M​
78.8%
M​
78.8%
M​
78.8%
M​
78.8%
M​
78.8%
77.6%
H​
77.6%
H​
77.6%
H​
77.6%
H​
77.6%
76.5%
U​
76.5%
U​
76.5%
75.7%
N​
75.7%
N​
75.7%
N​
75.7%
N​
75.7%
74.7%
D​
74.7%
D​
74.7%
D​
74.7%
D​
74.7%
D​
74.7%
74.6%
V​
74.6%
V​
74.6%
66.4%
P​
66.4%
63%
Q​
63%
59.1%
W​
59.1%
58.7%
X​
58.7%
X​
58.7%
57.8%
K​
57.8%
54.3%
J​
54.3%
52%
Z​
52%

You're not logged in!

Compare scores with friends on all Sporcle quizzes.
OR
Log In

Sporcle TV

Today on Sporcle TV


Watch our educational content, quiz creation guides, and fun videos on Sporcle TV.

Show Comments

Extras

Top Quizzes Today


Score Distribution

Your Account Isn't Verified!

In order to create a playlist on Sporcle, you need to verify the email address you used during registration. Go to your Sporcle Settings to finish the process.

Report this User

Report this user for behavior that violates our Community Guidelines.

Details: